Statistics for Roman Mythology Figures

Click here to take the quiz!

General Stats

  • This quiz has been taken 162 times
  • The average score is 17 of 56

Answer Stats

Answer % Correct
AphroditeVenus
91%
AresMars
91%
ZeusJupiter
89%
PoseidonNeptune
88%
HermesMercury
85%
HadesPluto
80%
ArtemisDiana
79%
Cronus (Kronos)Saturn
76%
Heracles (Herakles)Hercules
72%
ApolloApollo
72%
HeraJuno
70%
ErosCupid
69%
AthenaMinerva
68%
DionysusBacchus
65%
HephaestusVulcan
60%
OuranusUranus
54%
DemeterCeres
47%
HestiaVesta
45%
HeliosSol
40%
Gaia (Gaea)Terra Mater
37%
SeleneLuna
33%
NikeVictoria
31%
PersephoneProserpina
26%
IrisIris
24%
HebeJuventas
16%
EosAurora
15%
HypnosSomnus
14%
HecateTrivia
13%
NyxNox
13%
ErisDiscordia
13%
TycheFortuna
11%
OceanusOcean
11%
HyperionHyperion
10%
HarmoniaConcordia
9%
EnyoBellona
9%
PhoebePhoebe
7%
ThemisThemis
7%
BoreasAquilon
6%
ThanatosLetus
6%
TethysTethys
6%
AmphitriteSalacia
5%
MorpheusSomnia
5%
NotusAuster
5%
CoeusKoios
4%
CriusKrios
4%
RheaCybele
4%
EileithyiaLucina
4%
PhobosTimor
4%
KhioneChione
4%
PanFanus
4%
EurusVulturnus
4%
NemesisInvidia
3%
MnemosyneMoneta
3%
DemiosFormido
2%
IapetusLapetus
2%
ZephyrusFavionus
1%

Score Distribution

Percentile by Number Answered

Percent of People with Each Score

Your Score History

You have not taken this quiz